100 Great Film Directors - Statistics

General Stats
  • This quiz has been taken 131 times
  • The average score is 50 of 100
Answer Stats
Picture Hint Answer % Correct
Jaws (1975, USA) Steven Spielberg
95%
Psycho (1960, USA) Alfred Hitchcock
94%
City Lights (1931, USA) Charlie Chaplin
94%
Star Wars (1977, USA) George Lucas
94%
Pulp Fiction (1994, USA) Quentin Tarantino
94%
The Godfather (1972, USA) Francis Ford Coppola
93%
The Dark Knight (2008, UK-USA) Christopher Nolan
90%
2001: A Space Odyssey (1968, UK-USA) Stanley Kubrick
90%
Taxi Driver (1976, USA) Matrin Scorsese
89%
Love and Death (1975, USA) Woody Allen
86%
Twin Peaks (1990-1991 and 2017, USA) David Lynch
84%
Citizen Kane (1941, USA) Orson Welles
84%
The Grand Budapest Hotel (2014, USA-Germany) Wes Anderson
83%
The Terminator (1984, USA) James Cameron
82%
There Will Be Blood (2007, USA) Paul Thomas Anderson
82%
The Lord of the Rings trilogy (2001-2003, New Zealand-USA) Peter Jackson
82%
The Nightmare Before Christmas (1993, USA) Tim Burton
82%
Alien (1979, UK-USA) Ridley Scott
81%
The Good, the Bad and the Ugly (1966, Italy) Sergio Leone
80%
Mo' Better Blues (1990, USA) Spike Lee
79%
Fight Club (1999, USA) David Fincher
77%
Rosemary's Baby (1968. USA) Roman Polanski
77%
Seven Samurai (1954, Japan) Akira Kurosawa
76%
Persona (1966. Sweden) Ingmar Bergman
74%
8 1/2 (1963, Italy-France) Federico Fellini
72%
Back to the Future (1985, USA) Robert Zemeckis
72%
The Sixth Sense (1999), USA M. Night Shyamalan
70%
Metropolis (1927, Germany) Fritz Lang
64%
Gravity (2013, UK-USA) Alfonso Cuaron
63%
Stalker (1979, USSR) Andrei Tarkovsky
63%
Some Like It Hot (1959, USA) Billy Wilder
62%
The Fly (1986, USA) David Cronenberg
61%
Escape from New York (1981, USA) John Carpenter
61%
Ponyo (2008, Japan) Hayao Miyazaki
60%
Stand by Me (1986, USA) Rob Reiner
60%
Lock, Stock & Two Smoking Barrels (1998, UK-USA) Guy Ritchie
59%
Jojo Rabbit (2019, USA-New Zealand-Czech Republic) Taika Waititi
58%
Mad Max: Fury Road (2015, USA-Australia) George Miller
57%
The Matrix (1999, USA-Australia) Wachowski brothers/sisters
57%
The Lobster (2015, Ireland-UK-France-Greece-Netherlands) Yorgos Lanthimos
57%
Dogville (2003, Denmark-UK-Sweden-France-Germany) Lars von Trier
56%
Harry Potter and the Philosopher's Stone (2001, UK-USA) Chris Columbus
55%
A Nightmare on Elm Street (1984, USA) Wes Craven
55%
The Deer Hunter (1978, USA) Michael Cimino
54%
The Shawshank Redemption (1994, USA) Frank Darabont
53%
Heat (1995, USA) Michael Mann
53%
Dogma (1999, USA) Kevin Smith
52%
The Evil Dead (1981, USA) Sam Raimi
52%
Ivan the Terrible (1944, USSR) Sergei Eisenstein
52%
Ocean's Twelve (2004, USA) Steven Soderbergh
52%
Brazil (1985, UK-USA) Terry Gilliam
52%
The Exorcist (1973, USA) William Friedkin
52%
Shaun of the Dead (2004, UK-France-USA) Edgar Wright
51%
Joker (2019, USA) Todd Phillips
51%
Night of the Living Dead (1968, USA) George Romero
50%
Dazed and Confused (1993, USA) Richard Linklater
50%
Chungking Express (1994, Hong Kong) Wong Kar-Wai
50%
Masculin Feminin (1966, France-Sweden) Jean Luc Godard
48%
Hard Boiled (1992, Hong Kong) John Woo
48%
Fahrenheit 451 (1966, UK) Francois Truffaut
47%
Watchmen (2009, USA) Zack Snyder
47%
Pink Flamingos (1972, USA) John Waters
45%
Desperado (1995, USA) Robert Rodriguez
45%
Ben-Hur (1959, USA) William Wyler
45%
Bicycle Thieves (1948, Italy) Vittorio de Sica
44%
Last Tango in Paris (1972, Italy-France) Bernardo Bertolucci
42%
Night on Earth (1991, USA) Jim Jarmusch
41%
Robocop (1987, USA) Paul Verhoeven
40%
Pirates of the Caribbean: The Curse of the Black Pearl (2003, USA) Gore Verbinski
38%
The Room (2003, USA) Tommy Wiseau
38%
The Big Sleep (1946, USA) Howard Hawks
37%
Zabriskie Point (1970, USA) Michelangelo Antonioni
37%
The Decameron (1971, Italy-France-Germany) Pier Paolo Pasolini
37%
Fargo (1996, UK-USA) Ethan and Joel Coen
32%
Drive (2011, USA) Nicolas Winding Refn
31%
Diary of a Country Priest (1951, France) Robert Bresson
31%
Paprika (2006, Japan) Satoshi Kon
26%
Kino-Eye (1924, USSR) Dziga Vertov
22%
Star Trek (1966-1969, USA) Gene Roddenberry
22%
District 9 (2009, New Zealand-USA-South Africa) Neill Blomkamp
22%
Faster, Pussycat! Kill! Kill! (1965, USA) Russ Meyer
22%
Iron Man 3 (2013, USA) Shane Black
20%
Your Name (2016, Japan) Makoto Shinkai
19%
Dark City (1998, USA-Australia) Alex Proyas
17%
Songs from the Second Floor (2000, Sweden-Norway-Denmark) Roy Andersson
17%
The House by the Cemetery (1981, Italy) Lucio Fulci
16%
Black Mirror (2011-present, UK) Charlie Brooker
15%
Earth (1930, Ukraine) Alexander Dovzhenko
14%
Double Down (2005, USA) Neil Breen
14%
Among Grey Stones (1983, USSR) Kira Muratova
11%
Engineer Prite's Project (1918, USSR) Lev Kuleshov
9%
The Diamond Arm (1969, USSR) Leonid Gaidai
7%
Ataque de panico! (2009, Uruguay) Federico Alvarez
6%
Kin-dza-dza! (1986, USSR) Georgiy Daneliya
6%
Life is Beautiful (1979, Italy-USSR) Grigory Chukhrai
6%
The Toxic Avenger (1984, USA) Lloyd Kaufman
6%
Wanted (2008, USA-Germany-Russia) Timur Bekmambetov
6%
Love and Doves (1985, USSR) Vladimir Menshov
6%
Me and Others (1971, USSR) Felix Sobolev
5%
Hardcore Henry (2015, USA-Russia) Ilya Naishuller
5%
No matching quizzes found
Score Distribution
Percent of People with Each Score
Percentile by Number Answered
Your Score History
You have not taken this quiz